000 00435 a2200097 4500
245 0 0 _aPrzewody telekomunikacyjne ogólnego przeznaczenia do połączeń - ruchomych Sznury szychowe o izolacji polwinitowej i odzieży włóknistej do łącznic telefonicznych PN-90/T-90254 /
_cMin. Przemysłu.
246 1 3 _aPN-90/T-90254
246 1 3 _a621.395.721:621.315.342
260 _aWarszawa :
_bMin. Przemysłu,
_c1990.
300 _a2 stron ;
_c30 cm.
650 _aPolska norma
999 _c20108
_d20108